000 00261nam a2200109Ia 4500
008 190216s9999||||xx |||||||||||||| ||und||
100 _aVadakumkoor Raja Rajavarma
245 0 _aKrishna Gatha
260 _bShanti Books House
650 _aKavithkal
942 _cBK
999 _c24340
_d24340